000 00863nam a2200241Ia 4500
003 GCL
008 140319s9999 xx 000 0 ara d
020 _a8197327977
040 _aGCL /
_cGCL
082 0 4 _a953.072
_bج م
100 1 _aجمال احمد طه
245 1 0 _aمدينة فاس فى عصرى المرابطين والموحدين 448 هـ \ 1056 الى 668 هـ \ 1269 م /
_cجمال احمد طه
250 _aالاولى
260 _aالقاهرة :
_bدار الوفاء لدنيا الطباعة والنشر ،
_c2002
300 _a383 ص ؛
_c28 سم
650 0 4 _aالتاريخ الاسلامى
650 0 4 _aالمرابطون
650 0 4 _aالموحدون
650 0 4 _aالمغرب - تاريخ
650 0 4 _aالمغرب - تاريخ - العصر الاسلامى
650 0 4 _aفاس - تاريخ
942 _2ddc
_cBK
999 _c33436
_d33436